000 00385nam a2200145Ia 4500
008 210210b1995 xxu||||| |||| 00| 0 eng d
082 _a030 ENCY
100 _aENCYCLOPAEDIA BRITANNICA.
245 _aBritannica book of the year.1995.
260 _aChicago.
_bEncyclopaedia Britannica,
_c1995
300 _a928
650 _aYear Book
690 _aEncyclopaedia
906 _a054032
999 _c102089
_d102089